|
|
|
|
| LEADER |
00000nab a2200000 a 4500 |
| 001 |
vtls010683781 |
| 003 |
SK-MaSNL |
| 005 |
20260303090027.0 |
| 008 |
150604c20150603xo drz 0 0slo |
| 038 |
|
|
|a KEVKJB
|
| 040 |
|
|
|a KEVKJB
|b slo
|c KEVKJB
|e AACR2
|
| 041 |
0 |
|
|a slo
|
| 044 |
|
|
|a xo
|c SK
|
| 080 |
|
|
|a 796.332
|2 2001
|
| 100 |
1 |
|
|a Kizek, Marián
|4 aut
|9 877271
|
| 245 |
1 |
0 |
|a "Oki" dá 600 000 eur na športový komplex
|b Janočko chce ihrisko na ZŠ Slobody
|c Marián Kizek
|
| 300 |
|
|
|b Fotogr.
|
| 600 |
1 |
7 |
|a Janočko, Vladimír,
|d 1976-
|2 kevkjb
|9 839201
|
| 610 |
2 |
7 |
|a Základná škola, Slobody (Košice, Slovensko)
|2 kevkjb
|9 97820
|
| 650 |
0 |
7 |
|a futbal
|z Košice (Slovensko)
|2 kevkjb
|9 1083998
|
| 650 |
0 |
7 |
|a športové areály
|2 kevkjb
|9 1018413
|
| 651 |
|
7 |
|a Košice (Slovensko)
|2 kevkjb
|9 18694
|
| 773 |
0 |
|
|t Korzár : denník Košického kraja
|g Roč. XVIII., č. 126 (3.6.2015), s. 2
|x 1338-659X
|
| 852 |
|
|
|a KEVKJB
|b KIS3GCP
|
| 999 |
|
|
|c 1801549
|d 1803479
|